[Event "FIDE World Rapid Team"]
[Site "London ENG"]
[Date "2025.06.12"]
[Round "7.2"]
[White "Eljanov, Pavel"]
[Black "Reimanis, Ritvars"]
[Result "1-0"]
[WhiteTitle "GM"]
[BlackTitle "IM"]
[WhiteElo "2669"]
[BlackElo "2355"]
[WhiteTeam "Ashdod Elit Chess Club"]
[BlackTeam "The MongolZ"]
[WhiteFideId "14102951"]
[BlackFideId "11602988"]
[EventDate "2025.06.11"]
[EventType "team"]

1. d4 Nf6 2. Nf3 e6 3. Bf4 d5 4. e3 Bd6 5. Nbd2 Bxf4 6. exf4 c5 7. dxc5 Qa5 8.
c3 Qxc5 9. Bd3 O-O 10. O-O b6 11. Re1 Ba6 12. Bc2 Qc7 13. Ne5 Nc6 14. Ndf3 Rad8
15. Nxc6 Qxc6 16. Qd2 Qc5 17. Nd4 Qd6 18. a4 Ra8 19. Re5 g6 20. Rae1 Nd7 21. Rg5
Rae8 22. h4 e5 23. Nf5 Qc7 24. Qxd5 Bc4 25. Qd6 Qb7 26. Ne7+ Rxe7 27. Qxe7 exf4
28. Be4 Qc7 29. Bd5 Bd3 30. h5 h6 31. Rxg6+ Bxg6 32. hxg6 Qd8 33. Bxf7+ Kh8 34.
Qxd8 Rxd8 35. Rd1 1-0

[Event "FIDE World Rapid Team"]
[Site "London ENG"]
[Date "2025.06.12"]
[Round "7.3"]
[White "Itgelt, Khuyagtsogt"]
[Black "Gledura, Benjamin"]
[Result "0-1"]
[WhiteTitle "IM"]
[BlackTitle "GM"]
[WhiteElo "2425"]
[BlackElo "2668"]
[WhiteTeam "The MongolZ"]
[BlackTeam "Ashdod Elit Chess Club"]
[WhiteFideId "4902912"]
[BlackFideId "712779"]
[EventDate "2025.06.11"]
[EventType "team"]

1. d4 Nf6 2. c4 e6 3. g3 d5 4. Bg2 Be7 5. Nf3 O-O 6. Qc2 Nbd7 7. O-O a5 8. Rd1
dxc4 9. Qxc4 b5 10. Qxb5 Ba6 11. Qa4 Bxe2 12. Re1 Nb6 13. Qc2 Bxf3 14. Bxf3 Rc8
15. Rd1 Nfd5 16. Nc3 c5 17. Nxd5 Nxd5 18. dxc5 Bxc5 19. Qe2 Qb6 20. Bxd5 exd5
21. Bf4 Rfe8 22. Qd2 h6 23. h4 Qb5 24. Qxd5 Qxb2 25. Qd2 Re2 26. Qxb2 Bxf2+ 27.
Kg2 Rxb2 28. Rd2 Rxd2 29. Bxd2 Rc2 30. Kxf2 Rxd2+ 31. Ke3 Rg2 32. Kf3 Rb2 33.
Rc1 Rxa2 34. Rc8+ Kh7 35. Ra8 g5 36. hxg5 hxg5 37. g4 Ra4 38. Kg3 Ra3+ 39. Kf2
Kg7 40. Ra6 Ra1 41. Kg2 Ra2+ 42. Kg3 Ra4 43. Kh3 Kf8 44. Ra7 f6 45. Kg3 Ke8 46.
Kh3 Ra1 47. Kg2 a4 48. Kg3 a3 49. Kg2 Kd8 50. Ra6 Ke7 51. Kh2 Kd7 52. Rxf6 Ra2+
53. Kg3 Rb2 54. Ra6 Rb3+ 55. Kf2 Kc7 56. Ke2 Rh3 57. Kd1 a2 58. Kc2 Rh1 59. Rxa2
Rh2+ 60. Kb3 Rxa2 61. Kxa2 Kd6 0-1

[Event "FIDE World Rapid Team"]
[Site "London ENG"]
[Date "2025.06.12"]
[Round "7.4"]
[White "Moiseenko, Alexander"]
[Black "Nomin-Erdene, Davaademberel"]
[Result "0-1"]
[WhiteTitle "GM"]
[BlackTitle "IM"]
[WhiteElo "2568"]
[BlackElo "2293"]
[WhiteTeam "Ashdod Elit Chess Club"]
[BlackTeam "The MongolZ"]
[WhiteFideId "14102560"]
[BlackFideId "4900782"]
[EventDate "2025.06.11"]
[EventType "team"]

1. d4 f5 2. Bg5 g6 3. Nc3 Bg7 4. h4 h6 5. Bf4 Nf6 6. e3 d6 7. Bc4 e6 8. Qe2 Nc6
9. O-O-O Qe7 10. Nf3 Bd7 11. a3 a6 12. Kb1 O-O 13. g4 fxg4 14. Nh2 Kh8 15. Bg3
e5 16. Qd2 exd4 17. exd4 Ne4 18. Qe3 Nxc3+ 19. Qxc3 Qf6 20. f3 gxf3 21. Bf2 Ne7
22. Rd3 d5 23. Rxf3 Qc6 24. Be2 Qxc3 25. bxc3 Bf5 26. Rg1 Be4 27. Rxf8+ Rxf8 28.
Bg3 Nf5 29. Bxc7 Nxh4 30. Ng4 Rc8 31. Ba5 b6 32. Bb4 a5 33. Be7 Nf5 34. Bf6 Rxc3
35. Bd1 Nxd4 36. Kb2 Rc6 37. Bxg7+ Kxg7 38. c3 Nb5 39. Ba4 Rc5 40. Rg3 Nd6 41.
Bb3 h5 42. Nf2 Bf5 43. Nd1 Nc4+ 44. Bxc4 dxc4 45. Ne3 h4 46. Rf3 Kf6 47. a4 g5
48. Ka3 Kg6 49. Rf2 h3 50. Nf1 g4 51. Rb2 Rc6 52. Rb5 Bd3 53. Ng3 Rf6 54. Kb2
Rf3 55. Rxb6+ Kg5 56. Rb5+ Kh4 57. Nh5 h2 58. Ng7 Rh3 0-1

[Event "FIDE World Rapid Team"]
[Site "London ENG"]
[Date "2025.06.12"]
[Round "7.5"]
[White "Ulziikhishig Khishigbat"]
[Black "Osmak, Yuliia"]
[Result "0-1"]
[WhiteTitle "FM"]
[BlackTitle "IM"]
[WhiteElo "2266"]
[BlackElo "2468"]
[WhiteTeam "The MongolZ"]
[BlackTeam "Ashdod Elit Chess Club"]
[WhiteFideId "4908120"]
[BlackFideId "14101602"]
[EventDate "2025.06.11"]
[EventType "team"]

1. d4 d5 2. c4 dxc4 3. e3 e5 4. Bxc4 Nc6 5. d5 Na5 6. Be2 c6 7. Nc3 Nf6 8. dxc6
Qxd1+ 9. Bxd1 Nxc6 10. Bf3 Bf5 11. e4 Bg6 12. Bg5 Bb4 13. Bxf6 gxf6 14. Ne2 f5
15. exf5 Bxf5 16. O-O O-O-O 17. Ng3 Be6 18. Rac1 Rd2 19. Nb5 Kb8 20. a3 Be7 21.
b4 f5 22. Rfd1 Rxd1+ 23. Bxd1 Bg5 24. Rb1 Rd8 25. Nf1 Bc4 26. Nc3 Rd3 27. b5 Nd4
28. Na4 Rxa3 29. b6 Bd3 30. bxa7+ Kxa7 31. Rb4 Ra1 32. Nb2 Bxf1 33. Kxf1 b5 34.
Rxd4 exd4 35. Ke1 b4 36. g3 b3 37. f4 Bd8 38. Kd2 Ba5+ 39. Kd3 Bc3 40. Bxb3 Bxb2
41. Be6 Ra3+ 42. Kc2 Bc3 43. Bxf5 Ra2+ 44. Kd3 Rxh2 45. g4 h6 46. Be4 Rf2 47. g5
hxg5 48. fxg5 Rd2+ 49. Kc4 Re2 50. Bd3 Rg2 51. g6 Rg5 52. Be4 Kb6 53. Kd3 Kc5
54. Ke2 Kd6 55. Kf3 Ke5 56. Bd3 Bd2 57. Bc2 Bf4 58. Bb1 Rg3+ 59. Kf2 d3 60. Bxd3
Rxd3 61. g7 Rg3 0-1

[Event "FIDE World Rapid Team"]
[Site "London ENG"]
[Date "2025.06.12"]
[Round "7.6"]
[White "Sailaubay, Aldiyar"]
[Black "Araya Fuentes, Cristian"]
[Result "1-0"]
[WhiteElo "1910"]
[BlackElo "1921"]
[WhiteTeam "Ashdod Elit Chess Club"]
[BlackTeam "The MongolZ"]
[WhiteFideId "13729357"]
[BlackFideId "6502946"]
[EventDate "2025.06.11"]
[EventType "team"]

1. e4 c6 2. Ne2 d5 3. e5 c5 4. d4 Nc6 5. c3 e6 6. Nd2 Qb6 7. Nb3 cxd4 8. cxd4
Bb4+ 9. Bd2 Nge7 10. Bxb4 Qxb4+ 11. Nc3 Nf5 12. Bb5 Bd7 13. a3 Qe7 14. Bxc6 Bxc6
15. Qd2 O-O 16. O-O Rac8 17. Rac1 b6 18. Qd3 Qd7 19. Nd2 Rc7 20. Rc2 Rfc8 21.
Rfc1 Bb7 22. h3 g6 23. Nf3 Kg7 24. g4 Ne7 25. Kg2 h6 26. a4 g5 27. h4 Ng6 28.
Qd2 Nf4+ 29. Kg3 Qe7 30. hxg5 hxg5 31. Nxg5 Qxg5 32. Qxf4 Qg6 33. Rh1 Ba6 34. f3
Rh8 35. Rxh8 Kxh8 36. Rh2+ Kg7 37. Rh5 Kf8 38. Rg5 Qh7 39. Qf6 Rc8 40. Rh5 Qg7
41. Rh8+ 1-0

[Event "FIDE World Rapid Team"]
[Site "London ENG"]
[Date "2025.06.12"]
[Round "7.1"]
[White "Kozak, Adam"]
[Black "Oro, Faustino"]
[Result "1-0"]
[WhiteTitle "GM"]
[BlackTitle "IM"]
[WhiteElo "2587"]
[BlackElo "2465"]
[WhiteTeam "Team Hungary"]
[BlackTeam "Turkish Airlines Sports Club"]
[WhiteFideId "753246"]
[BlackFideId "20000197"]
[EventDate "2025.06.11"]
[EventType "team"]

1. d4 Nf6 2. c4 e6 3. Nc3 Bb4 4. e3 O-O 5. Bd3 d5 6. a3 Bxc3+ 7. bxc3 c6 8. a4
b6 9. Ba3 Re8 10. cxd5 exd5 11. Ne2 Ba6 12. O-O Qc8 13. Rc1 Bxd3 14. Qxd3 Qa6
15. Qxa6 Nxa6 16. c4 Rac8 17. cxd5 cxd5 18. Nc3 Nc7 19. Bd6 h5 20. Be5 a6 21.
Na2 Ne6 22. Bxf6 gxf6 23. Nb4 Nc7 24. Rc2 a5 25. Nc6 Ra8 26. Rb1 Ra6 27. Nb8
Rxb8 28. Rxc7 b5 29. Rxb5 Rxb5 30. axb5 Rb6 31. Rc5 a4 32. h4 Rb8 33. Kh2 Kg7
34. Kg3 a3 35. Rc3 Ra8 36. Rc1 Kg6 37. Ra1 Rb8 38. Rxa3 Rxb5 39. Ra6 Kg7 40. Rd6
Ra5 41. Rc6 Ra8 42. Rc5 Rd8 43. Kf4 Kg6 44. Rc6 Ra8 45. Rc5 Rd8 46. Rb5 Rd7 47.
Rb8 Ra7 48. g3 Kg7 49. Rb5 Rd7 50. Kf5 Rd6 51. Rc5 Rd8 52. Rc6 Ra8 53. Rxf6 1-0

[Event "FIDE World Rapid Team"]
[Site "London ENG"]
[Date "2025.06.12"]
[Round "7.2"]
[White "Ahmad, Khagan"]
[Black "Kantor, Gergely"]
[Result "1-0"]
[WhiteTitle "IM"]
[BlackTitle "GM"]
[WhiteElo "2394"]
[BlackElo "2584"]
[WhiteTeam "Turkish Airlines Sports Club"]
[BlackTeam "Team Hungary"]
[WhiteFideId "13431552"]
[BlackFideId "751499"]
[EventDate "2025.06.11"]
[EventType "team"]

1. e4 e5 2. Nf3 Nc6 3. Bb5 a6 4. Ba4 Nf6 5. O-O Be7 6. Re1 b5 7. Bb3 O-O 8. a4
Bb7 9. d3 d6 10. Bg5 Nd7 11. Bxe7 Nxe7 12. c3 Nc5 13. Bc2 Nxa4 14. Bxa4 bxa4 15.
Rxa4 Kh8 16. d4 f6 17. Nbd2 Ng6 18. Nc4 f5 19. dxe5 fxe4 20. Nd4 Nf4 21. Qg4 h5
22. Qg3 h4 23. Qg4 Bc8 24. e6 Qf6 25. Rf1 c5 26. Ne2 Qh6 27. Nxf4 Rxf4 28. Qd1
Bxe6 29. Qxd6 e3 30. Nxe3 Rxa4 31. Qc6 h3 32. Qxa8+ Kh7 33. Qc6 hxg2 34. Qxa4
gxf1=Q+ 35. Kxf1 Bh3+ 36. Ke1 Qg5 37. Qe4+ Kh6 38. Kd2 Bd7 39. Qb7 Bb5 40. Qb8
Kh7 41. Qg3 Qd8+ 42. Kc1 Qd3 43. Qh3+ Kg6 44. Qe6+ Kh7 45. Qf5+ Qxf5 46. Nxf5
Kg6 47. Nd6 Kg5 48. Ne4+ Kg4 49. Nxc5 Kh3 50. Ne6 Kxh2 51. Nxg7 Kg2 52. f4 Kf3
53. f5 Kf4 54. Ne6+ Kxf5 55. Nd4+ Ke4 56. Nxb5 axb5 57. Kc2 Kd5 58. Kd3 Kc5 59.
b3 Kd5 60. b4 Ke5 61. c4 Kd6 62. c5+ Kd5 63. Ke3 Ke5 64. Kf3 Kf5 65. Kg3 Ke5 66.
Kg4 Ke6 67. Kf4 Kf6 68. Ke4 Ke6 69. Kd4 Kd7 70. Kd5 Kc7 71. c6 Kb6 72. Kd6 1-0

[Event "FIDE World Rapid Team"]
[Site "London ENG"]
[Date "2025.06.12"]
[Round "7.3"]
[White "Erdos, Viktor"]
[Black "Lu, Miaoyi"]
[Result "1/2-1/2"]
[WhiteTitle "GM"]
[BlackTitle "IM"]
[WhiteElo "2545"]
[BlackElo "2452"]
[WhiteTeam "Team Hungary"]
[BlackTeam "Turkish Airlines Sports Club"]
[WhiteFideId "719978"]
[BlackFideId "8618020"]
[EventDate "2025.06.11"]
[EventType "team"]

1. d4 Nf6 2. c4 e6 3. Nc3 Bb4 4. e3 O-O 5. Bd3 d5 6. a3 Bxc3+ 7. bxc3 dxc4 8.
Bxc4 c5 9. Ne2 Qc7 10. Bd3 Nc6 11. f4 b6 12. O-O Ne7 13. e4 cxd4 14. cxd4 Bb7
15. Ng3 Qc3 16. Ra2 Qxd4+ 17. Kh1 Rfd8 18. Rd2 Qc5 19. Bb2 Ne8 20. Qe2 Qa5 21.
Rdd1 Rxd3 22. Qxd3 Ba6 23. Qd7 Bxf1 24. Qxe7 Ba6 25. f5 Qc5 26. Qxc5 bxc5 27.
fxe6 fxe6 28. h3 Bb5 29. Be5 Kf7 30. Rb1 a6 31. a4 Bd3 32. Rb7+ Kg6 33. Re7 Bc4
34. Kg1 Nf6 35. Rc7 Rd8 36. Rxc5 Rd1+ 37. Kf2 Nd7 38. Rxc4 Nxe5 39. Rc7 Ra1 40.
Ne2 Rxa4 41. Nf4+ Kh6 42. Nxe6 Rxe4 43. Nxg7 Kg6 44. g4 a5 45. Nf5 h5 46. Nh4+
Kf6 47. Ra7 hxg4 48. hxg4 a4 49. Ra6+ Kf7 50. Nf5 Nxg4+ 51. Kf3 Rb4 52. Ke2 Ne5
53. Kd2 a3 54. Kc3 Rf4 55. Nd6+ Ke7 56. Nb5 Rf3+ 57. Kd4 Nd7 58. Rxa3 Rxa3 59.
Nxa3 Ke6 60. Ke4 1/2-1/2

[Event "FIDE World Rapid Team"]
[Site "London ENG"]
[Date "2025.06.12"]
[Round "7.4"]
[White "Xu, Yuanyuan"]
[Black "Balogh, Csaba"]
[Result "1/2-1/2"]
[WhiteTitle "WGM"]
[BlackTitle "GM"]
[WhiteElo "2300"]
[BlackElo "2544"]
[WhiteTeam "Turkish Airlines Sports Club"]
[BlackTeam "Team Hungary"]
[WhiteFideId "8601089"]
[BlackFideId "718939"]
[EventDate "2025.06.11"]
[EventType "team"]

1. Nf3 d5 2. d4 Nf6 3. c4 c6 4. cxd5 cxd5 5. Nc3 Nc6 6. Bf4 a6 7. e3 Bg4 8. Qb3
Bxf3 9. gxf3 Ra7 10. Rc1 e6 11. Rg1 Nh5 12. Bg5 Be7 13. f4 Bxg5 14. Rxg5 g6 15.
Be2 Nf6 16. f3 Nd7 17. Na4 O-O 18. Nc5 Nxc5 19. Rxc5 Qe7 20. Bd3 Raa8 21. h4
Rac8 22. h5 Kg7 23. Ke2 Nb8 24. Qc3 Rc6 25. b4 Rfc8 26. Qc2 Qf6 27. Qb1 Nd7 28.
Rxc6 Rxc6 29. Qh1 Qe7 30. a3 Rc3 31. Qa1 Rc6 32. Kd2 Nf8 33. hxg6 hxg6 34. Rg1
Qh4 35. Rc1 Rd6 36. Rc7 Rd7 37. Qc3 g5 38. Rxd7 Nxd7 39. Qc7 Nf6 40. fxg5 Qxg5
41. Qxb7 e5 42. dxe5 Qxe5 43. Qxa6 d4 44. exd4 Qxd4 45. Qc4 Qb2+ 46. Ke3 Qxa3
47. Qd4 Qb3 48. Kf4 Qd5 49. Qc3 Qd6+ 50. Ke3 Qxb4 1/2-1/2

[Event "FIDE World Rapid Team"]
[Site "London ENG"]
[Date "2025.06.12"]
[Round "7.5"]
[White "Gaal, Zsoka"]
[Black "Lohia, Sohum"]
[Result "1-0"]
[WhiteTitle "WGM"]
[BlackTitle "FM"]
[WhiteElo "2391"]
[BlackElo "2364"]
[WhiteTeam "Team Hungary"]
[BlackTeam "Turkish Airlines Sports Club"]
[WhiteFideId "777765"]
[BlackFideId "5819369"]
[EventDate "2025.06.11"]
[EventType "team"]

1. d4 Nf6 2. c4 e6 3. Nc3 Bb4 4. e3 d5 5. a3 Bxc3+ 6. bxc3 c6 7. a4 O-O 8. Ba3
Re8 9. Nf3 b6 10. Bd3 Ba6 11. cxd5 Bxd3 12. Qxd3 cxd5 13. O-O Nc6 14. c4 dxc4
15. Qxc4 Qd5 16. Rfc1 Rec8 17. Qa6 h6 18. Ne5 Rc7 19. Qb5 Rac8 20. Qxd5 exd5 21.
Bd6 Nxe5 22. Rxc7 Rxc7 23. Bxc7 Nc4 24. Kf1 Kf8 25. Ke2 Ke7 26. f3 Ne8 27. Bb8
a6 28. Rb1 Kd7 29. e4 Kc6 30. Kd3 b5 31. axb5+ axb5 32. exd5+ Kb6 33. Re1 Nf6
34. d6 Kb7 35. Bc7 Nd5 36. Re7 Kc6 37. Rxf7 g5 38. g3 Nb4+ 39. Ke2 Nd5 40. Bb8
Ncb6 41. Kd3 b4 42. Kc2 Nd7 43. Bc7 N5f6 44. Kb3 Kb5 45. Bd8 1-0

[Event "FIDE World Rapid Team"]
[Site "London ENG"]
[Date "2025.06.12"]
[Round "7.6"]
[White "Yildiz, Ali Aras"]
[Black "Marton-John, Almos Kiran"]
[Result "1-0"]
[WhiteElo "2089"]
[BlackElo "1987"]
[WhiteTeam "Turkish Airlines Sports Club"]
[BlackTeam "Team Hungary"]
[WhiteFideId "51619822"]
[BlackFideId "17013135"]
[EventDate "2025.06.11"]
[EventType "team"]

1. e4 e5 2. Nf3 Nc6 3. d4 exd4 4. Nxd4 Bc5 5. Nb3 Bb6 6. Nc3 Nf6 7. Qe2 d6 8.
Be3 Be6 9. O-O-O Qe7 10. f3 O-O-O 11. Bxb6 axb6 12. Qf2 d5 13. Bb5 dxe4 14. Bxc6
bxc6 15. fxe4 Bxb3 16. axb3 Rxd1+ 17. Rxd1 Nxe4 18. Qf5+ Kb7 19. Qxe4 Qg5+ 20.
Kb1 Ra8 21. b4 f5 22. Qf3 Qf6 23. b5 Re8 24. bxc6+ Qxc6 25. Rd7 Re1+ 26. Ka2
Qxf3 27. gxf3 Rh1 28. Rxg7 Rxh2 29. Rf7 Rxc2 30. Rxf5 Rf2 31. Rf7 Kc6 32. Ne4
Rf1 33. Ng3 Rf2 34. Nh5 Kd6 35. f4 Rh2 36. Rxh7 c5 37. Nf6 Rf2 38. Ne4+ 1-0

[Event "FIDE World Rapid Team"]
[Site "London ENG"]
[Date "2025.06.12"]
[Round "7.1"]
[White "Samadov, Read"]
[Black "Rodshtein, Maxim"]
[Result "1-0"]
[WhiteTitle "IM"]
[BlackTitle "GM"]
[WhiteElo "2522"]
[BlackElo "2645"]
[WhiteTeam "Rookies"]
[BlackTeam "Rishon LeZion Chess Club"]
[WhiteFideId "13417444"]
[BlackFideId "2806851"]
[EventDate "2025.06.11"]
[EventType "team"]

1. d4 Nf6 2. c4 g6 3. Nc3 d5 4. cxd5 Nxd5 5. e4 Nxc3 6. bxc3 Bg7 7. Nf3 c5 8. h3
O-O 9. Be2 b6 10. Be3 Bb7 11. Qd3 Qd7 12. O-O Ba6 13. Qd2 Bxe2 14. Qxe2 Qa4 15.
Rac1 Nd7 16. e5 e6 17. Rfd1 Rac8 18. h4 Rc7 19. h5 Rfc8 20. h6 Bf8 21. d5 exd5
22. Rxd5 Qg4 23. Rcd1 Nb8 24. Bg5 Nc6 25. Qe3 Re8 26. Qf4 Qxf4 27. Bxf4 Rcc8 28.
Nh2 Be7 29. Ng4 Rcd8 30. Ne3 Kf8 31. Rd7 Rxd7 32. Rxd7 Rc8 33. Nc4 Ke8 34. Rb7
Ra8 35. Nd6+ Kf8 36. Nb5 Bd8 37. e6 Be7 38. exf7 Kxf7 39. Rc7 Na5 40. Bg5 1-0

[Event "FIDE World Rapid Team"]
[Site "London ENG"]
[Date "2025.06.12"]
[Round "7.2"]
[White "Steinberg, Nitzan"]
[Black "Shogdzhiev, Roman"]
[Result "1/2-1/2"]
[WhiteTitle "GM"]
[BlackTitle "FM"]
[WhiteElo "2554"]
[BlackElo "2402"]
[WhiteTeam "Rishon LeZion Chess Club"]
[BlackTeam "Rookies"]
[WhiteFideId "2801795"]
[BlackFideId "55653537"]
[EventDate "2025.06.11"]
[EventType "team"]

1. e4 c5 2. Nf3 d6 3. d4 cxd4 4. Qxd4 Nc6 5. Qd3 Nf6 6. Nc3 a6 7. Be2 Bg4 8. O-O
e6 9. Bf4 Bxf3 10. Qxf3 Nd4 11. Qd3 Nxe2+ 12. Qxe2 Be7 13. Rfd1 Qc7 14. a4 O-O
15. h3 Rfd8 16. Rd2 Qc6 17. Rad1 b5 18. axb5 axb5 19. Qxb5 Qxb5 20. Nxb5 Nxe4
21. Re2 d5 22. c4 Nf6 23. b3 dxc4 24. Rxd8+ Rxd8 25. bxc4 Rc8 26. Rc2 Bc5 27.
Kf1 Kf8 28. Bd6+ Bxd6 29. Nxd6 Rc6 30. Nb5 Nd7 31. Ke2 Ne5 32. Na3 g5 33. Kd2
Ra6 34. Nb5 Rc6 35. Na3 Ra6 36. Nb5 Rc6 37. Na3 Ra6 1/2-1/2

[Event "FIDE World Rapid Team"]
[Site "London ENG"]
[Date "2025.06.12"]
[Round "7.3"]
[White "Akhilbay, Imangali"]
[Black "Sokolovsky, Yahli"]
[Result "0-1"]
[WhiteTitle "FM"]
[BlackTitle "GM"]
[WhiteElo "2385"]
[BlackElo "2542"]
[WhiteTeam "Rookies"]
[BlackTeam "Rishon LeZion Chess Club"]
[WhiteFideId "13734857"]
[BlackFideId "2820242"]
[EventDate "2025.06.11"]
[EventType "team"]

1. e4 e5 2. Nf3 Nc6 3. Bc4 Bc5 4. c3 Nf6 5. d3 a6 6. a4 Ba7 7. O-O d6 8. Nbd2
Nh5 9. Re1 Nf4 10. Nf1 g5 11. Be3 h5 12. b4 g4 13. N3d2 Qf6 14. Nb3 h4 15. b5
Ne7 16. Bxf4 Qxf4 17. d4 Qf6 18. Ra2 Be6 19. Bxe6 Qxe6 20. Rb2 axb5 21. axb5 Bb6
22. Ne3 Rg8 23. d5 Qd7 24. c4 Rg5 25. c5 Bxc5 26. Nxc5 dxc5 27. Qc1 Ra4 28. Qxc5
Rxe4 29. Ra2 Kf8 30. b6 cxb6 31. Qxb6 Kg7 32. Qb1 Rf4 33. Ra7 g3 34. fxg3 hxg3
35. h3 Qd6 36. Qxb7 Ng6 37. Rf1 Qc5 38. Qxf7+ Rxf7 39. Rfxf7+ Kg8 0-1

[Event "FIDE World Rapid Team"]
[Site "London ENG"]
[Date "2025.06.12"]
[Round "7.4"]
[White "Bronstein, Or"]
[Black "Nurman, Alua"]
[Result "1-0"]
[WhiteTitle "IM"]
[BlackTitle "WGM"]
[WhiteElo "2443"]
[BlackElo "2339"]
[WhiteTeam "Rishon LeZion Chess Club"]
[BlackTeam "Rookies"]
[WhiteFideId "2815770"]
[BlackFideId "13729390"]
[EventDate "2025.06.11"]
[EventType "team"]

1. d4 Nf6 2. c4 g6 3. Nc3 Bg7 4. e4 d6 5. Be2 e5 6. d5 Nbd7 7. h4 Nc5 8. Qc2 a5
9. h5 O-O 10. h6 Bh8 11. Bg5 c6 12. Nf3 Bd7 13. Nd2 Rc8 14. Qd1 Qe8 15. O-O cxd5
16. exd5 Bf5 17. Re1 Nfe4 18. Ndxe4 Nxe4 19. Nxe4 Bxe4 20. Qd2 f6 21. Be3 Qd8
22. f3 Bf5 23. b4 axb4 24. Qxb4 Qe7 25. Rac1 b6 26. Bxb6 Rb8 27. c5 Qb7 28. Qb3
Rfc8 29. g4 dxc5 30. d6+ c4 31. Bxc4+ Kf8 32. gxf5 Qxb6+ 33. Qxb6 Rxb6 34. Be6
Rd8 35. Rc7 Rbxd6 36. Rf7+ Ke8 37. Rxh7 gxf5 38. Bxf5 Rd1 39. Rxh8+ Ke7 40. Rh7+ 1-0

[Event "FIDE World Rapid Team"]
[Site "London ENG"]
[Date "2025.06.12"]
[Round "7.5"]
[White "Nurgaliyeva, Zarina"]
[Black "Lahav, Michal"]
[Result "1-0"]
[WhiteTitle "WFM"]
[BlackTitle "WIM"]
[WhiteElo "2252"]
[BlackElo "2143"]
[WhiteTeam "Rookies"]
[BlackTeam "Rishon LeZion Chess Club"]
[WhiteFideId "13730096"]
[BlackFideId "2813742"]
[EventDate "2025.06.11"]
[EventType "team"]

1. e4 e6 2. d4 d5 3. e5 c5 4. c3 Nc6 5. Nf3 Nge7 6. Na3 cxd4 7. cxd4 Nf5 8. Nc2
Bd7 9. Be2 Nb4 10. O-O Nxc2 11. Qxc2 Be7 12. Kh1 Qb6 13. Qd1 Bb5 14. Bd3 Qa6 15.
Bxb5+ Qxb5 16. Bd2 O-O 17. Bc3 Rfc8 18. g4 Nh4 19. Nxh4 Bxh4 20. f4 Be7 21. f5
Bf8 22. Qf3 Rc7 23. Rf2 Rac8 24. Raf1 h6 25. fxe6 fxe6 26. g5 hxg5 27. Qg4 Qa6
28. Qxg5 Qd3 29. Kg1 Be7 30. Qg4 Kh7 31. Rf3 Qa6 32. Qh5+ Kg8 33. Qf7+ 1-0

[Event "FIDE World Rapid Team"]
[Site "London ENG"]
[Date "2025.06.12"]
[Round "7.6"]
[White "Lapushnian, Eran"]
[Black "Watson, Mikey J"]
[Result "1-0"]
[WhiteElo "1993"]
[BlackElo "1984"]
[WhiteTeam "Rishon LeZion Chess Club"]
[BlackTeam "Rookies"]
[WhiteFideId "2811952"]
[BlackFideId "442690"]
[EventDate "2025.06.11"]
[EventType "team"]

1. e4 c6 2. d4 d5 3. e5 Bf5 4. h4 h5 5. Bd3 Bxd3 6. Qxd3 e6 7. Nf3 Nd7 8. Be3
Ne7 9. c4 Nf5 10. Nc3 Nxe3 11. fxe3 Bb4 12. O-O Bxc3 13. bxc3 dxc4 14. Qxc4 O-O
15. Ng5 g6 16. Rf2 b5 17. Qe2 Qe7 18. Raf1 f6 19. Qd3 Kg7 20. exf6+ Rxf6 21. Qe4
Rc8 22. Rxf6 Nxf6 23. Nxe6+ Kf7 24. Ng5+ Ke8 25. Qxg6+ Kd7 26. Qxf6 Qxe3+ 27.
Kh1 Re8 28. Qf5+ 1-0

[Event "FIDE World Rapid Team"]
[Site "London ENG"]
[Date "2025.06.12"]
[Round "7.1"]
[White "Bjerre, Jonas Buhl"]
[Black "Martinez Alcantara, Jose Eduardo"]
[Result "1-0"]
[WhiteTitle "GM"]
[BlackTitle "GM"]
[WhiteElo "2651"]
[BlackElo "2611"]
[WhiteTeam "¡Ållez-Y Initiative!"]
[BlackTeam "Theme International Trading"]
[WhiteFideId "1444948"]
[BlackFideId "3805662"]
[EventDate "2025.06.11"]
[EventType "team"]

1. e4 e5 2. Nf3 Nc6 3. Bb5 a6 4. Ba4 Nf6 5. d3 d6 6. c4 Be7 7. Nc3 O-O 8. h3 Bd7
9. O-O Nd4 10. Nxd4 exd4 11. Bxd7 Nxd7 12. Ne2 Bf6 13. b4 b5 14. Qc2 c5 15. Bf4
Qe7 16. Rab1 Qe6 17. Rfc1 Rfc8 18. a4 bxa4 19. Qxa4 cxb4 20. Rxb4 Nc5 21. Qa3
Be5 22. Rb6 Qe7 23. Rcb1 Qd7 24. Bxe5 dxe5 25. f4 f5 26. fxe5 fxe4 27. Rd6 Qe8
28. Rd5 Nxd3 29. Nxd4 Nf4 30. e6 Qg6 31. Qa2 Kh8 32. e7 Re8 33. Rf5 Nxh3+ 34.
Kh1 Ng5 35. Rbf1 h6 36. Rf8+ Kh7 37. c5 Qh5+ 38. Kg1 Qh4 39. Qg8+ Kg6 40. R8f6+
Kh5 41. Qxg7 Qg3 42. Qxh6+ Kg4 43. R6f4+ Qxf4 44. Rxf4+ Kxf4 45. Ne6+ Kf5 46.
Ng7+ Kg4 47. Qh5+ 1-0

[Event "FIDE World Rapid Team"]
[Site "London ENG"]
[Date "2025.06.12"]
[Round "7.2"]
[White "Tin, Jingyao"]
[Black "Jacobsen, Mikkel Manosri"]
[Result "1-0"]
[WhiteTitle "GM"]
[BlackTitle "FM"]
[WhiteElo "2583"]
[BlackElo "2223"]
[WhiteTeam "Theme International Trading"]
[BlackTeam "¡Ållez-Y Initiative!"]
[WhiteFideId "5804418"]
[BlackFideId "1444514"]
[EventDate "2025.06.11"]
[EventType "team"]

1. d4 d5 2. c4 e6 3. Nc3 a6 4. cxd5 exd5 5. Nf3 h6 6. Bf4 Nf6 7. e3 Bd6 8. Be5
c6 9. Bd3 O-O 10. h3 Re8 11. Bxd6 Qxd6 12. O-O Nbd7 13. Qc2 Nf8 14. Rac1 Ne6 15.
Na4 Bd7 16. Ne5 Re7 17. Qb3 Be8 18. Qa3 Qxa3 19. bxa3 Ne4 20. Nb6 Rd8 21. a4 f6
22. Nf3 g5 23. Rc2 Kg7 24. a5 Nd6 25. Rb1 Bg6 26. Bxg6 Kxg6 27. Ne1 h5 28. Nd3
g4 29. h4 Nf5 30. g3 Nd6 31. Rcb2 Rf8 32. Na4 Rff7 33. Nac5 Nxc5 34. Nxc5 Kf5
35. Rb4 Rc7 36. Kf1 Rfe7 37. Ke2 Kg6 38. Kd3 Kf7 39. Kc2 Ke8 40. Kd3 Kd8 41. Ke2
Kc8 42. Nd3 Re8 43. Rc1 Kd7 44. Nf4 Rh8 45. Rcb1 Nc4 46. Rxb7 Nxa5 47. R7b6 Ra7
48. Nd3 Kc7 49. Nc5 Rha8 50. a4 Kc8 51. Ne6 Kd7 52. Nf4 Rh8 53. Rb8 Rxb8 54.
Rxb8 Nc4 55. Nxh5 Kc7 56. Rf8 Kb6 57. Nxf6 Ka5 58. h5 Rb7 59. h6 Rb2+ 60. Kf1
Nd2+ 61. Kg2 Nf3 62. Nxg4 Ne1+ 63. Kf1 Rb1 64. h7 1-0